Ash's Pokemon - Statistiken

Allgemein
  • Dieses Quiz wurde 369 mal gespielt
  • Das Durchschnittsergebnis liegt bei 48 aus 100
Antwortstatistiken
Hint Antwort % Korrekt
Im Team Pikachu
100%
Bei Prof. Eich Glurak
93%
Im Training Schiggy
91%
Entwickelt Glumanda
90%
Freigelassen Smettbo
90%
Entiwckelt Glutexo
86%
Bei Prof. Eich Bisasam
85%
Entickelt Raupy
83%
Entwickelt Safcon
83%
Bei Prof. Eich Tauros
81%
Freigelassen Tauboss
78%
Entwickelt Tauboga
77%
Bei Prof. Eich Karnimani
70%
Im Team Gengar
69%
Bei Prof. Eich Relaxo
66%
Entiwckelt Endivie
65%
Entiwckelt Feurigel
65%
Bei Prof. Eich Lorblatt
63%
Im Team Dragoran
61%
Entiwckelt Geckarbor
60%
Bei Prof. Eich Gewaldro
60%
Bei Prof. Eich Panferno
60%
Freigelassen Quajutsu
60%
Entiwckelt Reptain
60%
Bei Prof. Eich Sleimok
60%
Bei Prof. Eich Kingler
59%
Entwickelt Krabby
59%
Entiwckelt Panflam
59%
Freigelassen Lapras
58%
Im Team Lucario
56%
Entwickelt Panpyro
55%
Bei Prof. Eich Igelavar
53%
Im Training Rasaff
53%
Entiwckelt Chelast
50%
Bei Prof. Eich Noctuh
50%
Entiwckelt Schwalbini
50%
Bei Prof. Eich Schwalboss
50%
Entiwckelt Froxy
49%
Verschenkt Alpollo
48%
Bei Prof. Kukui Bauz
48%
Entiwckelt Floink
47%
Entiwckelt Riolu
47%
Bei Prof. Eich Skaraborn
47%
Bei Prof. Eich Staraptor
47%
Entiwckelt Chelcarain
46%
Bei Prof. Eich Chelterrar
46%
Bei Prof. Eich Bamelin
45%
Eingetauscht Griffel
45%
Bei Prof. Eich Ottaro
45%
Entiwckelt Staralili
45%
Entiwckelt Staravia
45%
Bei Prof. Eich Fiaro
44%
Bei Prof. Eich Ferkokel
43%
Bei Prof. Eich Serpifeu
43%
Bei Prof. Kukui Fuegro
42%
Eingetauscht Rattikarl
42%
Entiwckelt Dartiri
41%
Entiwckelt Flamiau
41%
Entiwckelt Dartignis
40%
Bei Prof. Eich Donphan
40%
Im Team Lauchzelot
40%
Bei Prof. Kukui Wolwerock
40%
Entiwckelt Amphizel
39%
Entiwckelt Miezunder
39%
Entiwckelt Phanpy
39%
Entiwckelt Porenta
38%
Entiwckelt Wuffels
38%
Verschenkt Bibor
37%
Bei Prof. Eich Qurtel
37%
Bei Prof. Eich Resladero
37%
Bei Prof. Eich UHaFnir
37%
Freigelassen Viscogon
37%
Bei Prof. Eich Firnontor
36%
Bei Prof. Eich Krebscorps
36%
Bei Prof. Kukui Melmetal
35%
Entiwckelt Schneppke
35%
Entiwckelt Skorgla
35%
Entiwckelt Dusselgurr
34%
Bei Prof. Eich Fasasnob
34%
Bei Prof. Eich Skorgro
34%
Entiwckelt eF-eM
33%
Vorübergehend in Obhut Larvitar
33%
Entiwckelt Navitaub
33%
Im Team Pescragon
33%
Bei Prof. Eich Kaumalat
32%
Entiwckelt Viscora
32%
Entiwckelt Meltan
31%
Bei Prof. Eich Rabigator
30%
Entiwckelt Viscargot
30%
Entiwckelt Rokkaiman
28%
Freigelassen Agoyon
27%
Bei Prof. Eich Mebrana
27%
Bei Prof. Eich Matrifol
26%
Bei Prof. Eich Sedimantur
25%
Vorübergehend in Obhut Cosmog
24%
Entiwckelt Folikon
24%
Bei Prof. Eich Zurrokex
24%
Entiwckelt Kiesling
23%
Entiwckelt Strawickl
23%
Entiwckelt Venicro
18%
Keine übereinstimmenden Quizze gefunden
Verteilung der Resultate
Anzahl Personen mit jedem Resultat
Perzentil nach korrekt beantworteten Fragen
Ihre Resultats-Entwicklung
Sie haben dieses Quiz noch nicht gespielt